| 000 | 00450nam a22001937a 4500 | ||
|---|---|---|---|
| 003 | MPLRDC | ||
| 005 | 20220104171323.0 | ||
| 008 | 210129b ||||| |||| 00| 0 eng d | ||
| 020 | _a0-333-46310-2 | ||
| 082 | _a524.967 MAC 1989 v.3 | ||
| 100 | _aROGER MERRY, ETC. | ||
| 245 |
_aSUCCESS MATHS 3 _c |
||
| 250 | _a初版 | ||
| 260 |
_a _bMACMILLAN _c1989 |
||
| 300 | _b平 | ||
| 490 | _aSUCCESS | ||
| 650 | _a | ||
| 942 |
_cBK _o524.967 MAC 1989 v.3 |
||
| 999 |
_c58404 _d58394 |
||